000 00571nam a2200217Ia 4500
003 OSt
005 20220928140540.0
006 a|||||r|||| 00| 0
007 ta
008 220927b |||||||| |||| 00| 0 eng d
024 _a9296
037 _cTextual
040 _aSDCL
_cSDCL
_beng
041 _2eng
_aeng
082 _aX:770j741.1'N8, M4
100 _aEdwards George T
_9495805
245 0 _aHow economic growth and inflation happen
260 _c2004
942 _hX:770j741.1'N8, M4
_cTEXL
_2CC
999 _c812044
_d812044